LEADER 00864nam0-22002891i-450- 001 990003046420403321 035 $a000304642 035 $aFED01000304642 035 $a(Aleph)000304642FED01 035 $a000304642 100 $a20000920d--------km-y0itay50------ba 101 0 $aita 102 $aIT 200 1 $aDevaluation Risk and the Syndrome of Exchange-Rate-based Stabilizations$fEnrique G. Mendoza, Martin Uribe 225 1 $aWorking paper series$fNBER$v7014 610 0 $aPolitica monetaria internazionale 676 $aO/2.32 702 1$aMendoza,$bEnrique G. 702 1$aUribe,$bMartin 801 0$aIT$bUNINA$gRICA$2UNIMARC 901 $aBK 912 $a990003046420403321 952 $aPaper$fSES 959 $aSES 996 $aDevaluation Risk and the Syndrome of Exchange-Rate-based Stabilizations$9462569 997 $aUNINA DB $aING01 LEADER 01055nam a22002773i 4500 001 991000613489707536 005 20040114153337.0 008 040220s1970 it |||||||||||||||||ita 035 $ab12644377-39ule_inst 035 $aARCHE-064272$9ExL 040 $aDip.to Scienze pedagogiche$bita$cA.t.i. Arché s.c.r.l. Pandora Sicilia s.r.l. 082 04$a371.7 100 1 $aRagazzi, Carlo Alberto$0339375 245 10$aIgiene della scuola e del fanciullo /$cCarlo Alberto Ragazzi 250 $a4. ed. accresciuta 260 $aBrescia :$bLa scuola,$c1970 300 $a261 p. ;$c22 cm 500 $aIn appendice: Decreti relativi ai servizi di medicina scolastica 650 4$aIgiene scolastica 650 4$aFanciulli$xIgiene 907 $a.b12644377$b02-04-14$c17-03-04 912 $a991000613489707536 945 $aLE022 MP 81 H 60$g1$i2022000151719$lle022$o-$pE0.00$q-$rl$s- $t0$u2$v0$w2$x0$y.i13148345$z17-03-04 996 $aIgiene della scuola e del fanciullo$9274145 997 $aUNISALENTO 998 $ale022$b17-03-04$cm$da $e-$fita$git $h0$i1 LEADER 01127nam0 22003133i 450 001 CFI0177569 005 20251003044130.0 010 $a8820632748 100 $a20181204d1990 ||||0itac50 ba 101 | $aita 102 $ait 181 1$6z01$ai $bxxxe 182 1$6z01$an 183 1$6z01$anc$2RDAcarrier 200 1 $aDiritto agro-zootecnico$fPaolo Scalini 210 $aBologna$cEdizioni agricole$d\1990! 215 $aVIII, 112 p.$d21 cm. 225 | $aCollana teorico-pratica di legislazione agraria 410 0$1001CFI0026763$12001 $aCollana teorico-pratica di legislazione agraria 676 $a343.4502$9Diritto in materia di proprietà pubblica. Italia$v22 700 1$aScalini$b, Paolo$3CFIV018686$4070$068381 801 3$aIT$bIT-000000$c20181204 850 $aIT-BN0095 901 $bNAP 01$cD $n$ 912 $aCFI0177569 950 0$aBiblioteca Centralizzata di Ateneo$c1 v.$d 01D (AR) 20 899$e 01AR 0700208995 VMA A4 1 v.$fY $h19970430$i20181204 977 $a 01 996 $aDiritto agro-zootecnico$91539385 997 $aUNISANNIO